Top 10 polskiego eksportu 2025 wg państw - Statystyki

Ogólne statystyki
  • Ten quiz został rozwiązany 26 razy
  • Średni wynik to 9 z 10
Statystyki odpowiedzi
Pozycja Eksport w mld EUR Państwo % Poprawnych
3. 18,5 Francja
100%
1. 81,9 Niemcy
100%
6. 13,7 Włochy
100%
2. 18,9 Czechy
96%
9. 9,0 Hiszpania
96%
8. 9,7 Stany Zjednoczone
96%
7. 10,8 Ukraina
96%
10. 8,2 Słowacja
91%
4. 15,8 Wielka Brytania
91%
5. 14,0 Holandia
83%
Nie znaleziono quizów pasujących do podanych kryteriów
Rozkład punktacji
Procent ludzi z każdym wynikiem
Percentyl według liczby udzielonych odpowiedzi
Twoja historia wyników
Nie rozwiązałeś tego quizu